[Event "3. ODEM U25 2006"]
[Site "Willingen GER"]
[Date "2006.06.07"]
[Round "6"]
[White "Giesen, Frank"]
[Black "Groß, Jonathan"]
[Result "0-1"]
[Termination "normal"]
[Board "49"]
[WhiteElo "901"]
[BlackElo "1008"]
[PlyCount "84"]
[EventCountry "GER"]
[EventRounds "9"]
[EventType "swiss"]
[EventDate "2006.06.03"]

1. e4 e5 2. Nf3 Nc6 3. d4 exd4 4. Nxd4 Ne5 5. Bf4 Bd6 6. Qd2 Ne7 7. Nc3 N7g6 8.
Nf5 Bb4 9. Bxe5 Nxe5 10. a3 Bxc3 11. Qxc3 Qf6 12. O-O-O Nc6 13. Qxf6 gxf6 14.
Bc4 d6 15. Nh6 Ne5 16. Bb3 Ke7 17. f4 Ng6 18. Nxf7 Rf8 19. Nh6 Nxf4 20. g3 Ne6
21. Nf5+ Kd7 22. Ba4+ Kd8 23. Rhe1 Bd7 24. Bxd7 Kxd7 25. g4 Rae8 26. h4 Rg8 27.
Nh6 Rg6 28. g5 fxg5 29. hxg5 Nxg5 30. Nf5 Rxe4 31. Rxe4 Nxe4 32. Re1 d5 33. c4
Ke6 34. Nd4+ Kd6 35. Nb5+ Kc5 36. Nxc7 Kxc4 37. Kc2 Rg2+ 38. Kb1 h5 39. Rc1+
Kb3 40. Nxd5 Rxb2+ 41. Ka1 Ra2+ 42. Kb1 Nd2# 0-1

[Event "3. ODEM U25 2006"]
[Site "Willingen GER"]
[Date "2006.06.07"]
[Round "6"]
[White "Alt, Johannes"]
[Black "Scheidel, Marius"]
[Result "0-1"]
[Termination "normal"]
[Board "50"]
[WhiteElo "677"]
[BlackElo "1014"]
[PlyCount "66"]
[WhiteFideId "24661074"]
[EventCountry "GER"]
[EventRounds "9"]
[EventType "swiss"]
[EventDate "2006.06.03"]

1. e4 c5 2. d4 cxd4 3. c3 e5 4. Nf3 Nc6 5. Bc4 Qc7 6. Ng5 Nd8 7. Bd5 h6 8. Nf3
Nf6 9. cxd4 Nxd5 10. exd5 d6 11. Nc3 g6 12. h3 Bg7 13. O-O f5 14. Nb5 Qb6 15.
a4 Bd7 16. Qe2 Bxb5 17. Qxb5+ Qxb5 18. axb5 exd4 19. Re1+ Kf7 20. b6 a6 21. b4
Re8 22. b5 a5 23. Bf4 Rxe1+ 24. Rxe1 a4 25. Bxd6 a3 26. Re7+ Kg8 27. Re8+ Kh7
28. Nd2 a2 29. Nb3 a1=Q+ 30. Nxa1 Rxa1+ 31. Kh2 Nf7 32. Bf4 g5 33. Bc7 d3 0-1

[Event "3. ODEM U25 2006"]
[Site "Willingen GER"]
[Date "2006.06.07"]
[Round "6"]
[White "Lebeda, Lukas"]
[Black "Knies, Jonas"]
[Result "1-0"]
[Termination "normal"]
[Board "51"]
[WhiteElo "1253"]
[BlackElo "1191"]
[PlyCount "95"]
[BlackFideId "4635167"]
[EventCountry "GER"]
[EventRounds "9"]
[EventType "swiss"]
[EventDate "2006.06.03"]

1. c4 f5 2. g3 e6 3. Bg2 Nf6 4. d4 d5 5. cxd5 exd5 6. a3 Bd6 7. Nc3 c6 8. Nf3
O-O 9. Bg5 Be6 10. Ne5 Nbd7 11. Nxd7 Qxd7 12. f3 Rae8 13. O-O Nh5 14. e4 h6 15.
Bd2 g5 16. e5 Be7 17. f4 Kh8 18. fxg5 Bf7 19. gxh6 Rg8 20. Re1 Bg5 21. Bxg5
Rxg5 22. Ne2 Be6 23. h4 Rg4 24. Bf3 Nxg3 25. Bxg4 Rg8 26. Nxg3 Rxg4 27. Kh2 f4
28. Nf1 Rxh4+ 29. Kg2 Bh3+ 30. Kf2 Bxf1 31. Rxf1 Rh2+ 32. Ke1 Qh3 33. Qf3 Qh4+
34. Kd1 Qxh6 35. Ra2 Qg6 36. Rf2 Qb1+ 37. Ke2 Qxa2 38. Rxh2+ Kg7 39. Rg2+ Kf7
40. Qxf4+ Ke7 41. Qf6+ Kd7 42. Qd6+ Ke8 43. Qb8+ Kf7 44. Qxb7+ Ke6 45. Qxc6+
Kf7 46. Qf6+ Ke8 47. Rg8+ Kd7 48. Qd8+ 1-0